Statistics for CALM - 5 Seconds of Summer Album

Click here to take the quiz!

General Stats

  • This quiz has been taken 303 times
  • The average score is 12 of 13

Answer Stats

CALM% Correct
1.Red Desert
98%
5.Teeth
93%
6.Wildflower
93%
4.Easier
92%
2.No Shame
92%
3.Old Me
92%
9.Lover Of Mine
90%
7.Best Years
88%
12.High
88%
8.Not In The Same Way
88%
10.Thin White Lies
88%
11.Lonely Heart
86%
Bonus TrackKill My Time
78%

Score Distribution

Percentile by Number Answered

Percent of People with Each Score

Your Score History

You have not taken this quiz